[Event "FRA-chT2 0910"]
[Site "France"]
[Date "2010.01.24"]
[Round "7.2"]
[White "Jolly, Jean Francois"]
[Black "Castaignet, Laurent"]
[Result "1-0"]
[WhiteElo "2417"]
[BlackElo "2184"]
[PlyCount "65"]
[EventDate "2009.09.27"]
[EventType "team-tourn"]
[EventRounds "11"]
[EventCountry "FRA"]
[SourceTitle "EXT 2011"]
[Source "ChessBase"]
[SourceDate "2010.11.26"]
[SourceVersion "1"]
[SourceVersionDate "2010.11.26"]
[SourceQuality "1"]

1. e4 c5 2. Nf3 e6 3. d4 cxd4 4. Nxd4 Nf6 5. Nc3 d6 6. Be2 Nc6 7. 0-0 Be7 8. Be3 0-0 9. f4 Bd7 10. Qe1 Nxd4 11. Bxd4 Bc6 12. Qg3 a6 13. Rae1 b5 14. a3 Qd7 15. Kh1 a5 16. b4 axb4 17. axb4 Ra3 18. Bd3 g6 19. Qf2 d5 20. exd5 Nxd5 21. Nxd5 Bxd5 22. f5 exf5 23. Bb2 Ra2 24. Qd4 Rxb2 25. Qxb2 Bd6 26. Re2 Qc6 27. Qd4 Rc8 28. Rd1 Bf8 29. Bxf5 Rd8 30. Be4 Qe6 31. Bf3 Bxf3 32. Rxe6 Rxd4 33. Rxd4 1-0

[Event "FRA-chT2 North 0809"]
[Site "France"]
[Date "2009.04.05"]
[Round "11.5"]
[White "Castaignet, Laurent"]
[Black "Tournier, Mathieu"]
[Result "1/2-1/2"]
[WhiteElo "2184"]
[BlackElo "2272"]
[PlyCount "60"]
[EventDate "2008.10.19"]
[EventType "team-tourn"]
[EventRounds "11"]
[EventCountry "FRA"]
[SourceTitle "EXT 2010"]
[Source "ChessBase"]
[SourceDate "2010.11.25"]
[SourceVersion "1"]
[SourceVersionDate "2010.11.25"]
[SourceQuality "1"]
[WhiteTeam "Le Vesinet"]
[BlackTeam "Noyon II"]
[WhiteTeamCountry "FRA"]
[BlackTeamCountry "FRA"]

1. e4 e5 2. Nc3 Nf6 3. Nf3 Nc6 4. g3 d5 5. exd5 Nd4 6. Bg2 Bg4 7. h3 Bxf3 8. Bxf3 Nxf3+ 9. Qxf3 Qd7 10. b3 0-0-0 11. Bb2 Nxd5 12. 0-0-0 Nb4 13. Qe3 Nc6 14. Ne2 Qd5 15. Nc3 Qa5 16. f4 Bc5 17. Qe4 f6 18. fxe5 fxe5 19. Qa4 Qxa4 20. Nxa4 Bf2 21. g4 Rhf8 22. Nc3 Bg3 23. Ne4 Bf4 24. Bc3 Nd4 25. Kb2 b6 26. Bxd4 exd4 27. d3 Be3 28. Rdf1 Kd7 29. b4 Ke6 30. Kb3 a6 1/2-1/2

[Event "FRA-chT2 North 0809"]
[Site "France"]
[Date "2008.11.23"]
[Round "3.4"]
[White "Favreau, Francois"]
[Black "Castaignet, Laurent"]
[Result "0-1"]
[WhiteElo "2154"]
[BlackElo "2168"]
[PlyCount "91"]
[EventDate "2008.10.19"]
[EventType "team-tourn"]
[EventRounds "11"]
[EventCountry "FRA"]
[SourceTitle "EXT 2010"]
[Source "ChessBase"]
[SourceDate "2010.11.25"]
[SourceVersion "1"]
[SourceVersionDate "2010.11.25"]
[SourceQuality "1"]
[WhiteTeam "Fenain Hornaing"]
[BlackTeam "Le Vesinet"]
[WhiteTeamCountry "FRA"]
[BlackTeamCountry "FRA"]

1. Nf3 Nf6 2. g3 c5 3. d3 g6 4. Bg2 Bg7 5. e4 Nc6 6. 0-0 0-0 7. Nc3 d6 8. h3 Rb8 9. Nh4 b5 10. f4 b4 11. Ne2 Bd7 12. Qe1 a5 13. g4 a4 14. Ng3 Nd4 15. Qf2 a3 16. e5 dxe5 17. fxe5 Ne8 18. c3 axb2 19. Bxb2 bxc3 20. Bxc3 Bxe5 21. Ne4 Nd6 22. Nxc5 N6b5 23. Ba5 Qxa5 24. Nxd7 Bg3 25. Qe3 Bxh4 26. Nxb8 Rxb8 27. Qe5 Qb6 28. Kh1 Bf6 29. Qe3 Qd6 30. Rab1 Rd8 31. Qf2 h6 32. Be4 Nc3 33. Rbe1 Nxe4 34. dxe4 Nc6 35. Rd1 Qxd1 36. Rxd1 Rxd1+ 37. Kg2 Rb1 38. Qc5 Rb2+ 39. Kf1 Ne5 40. Qa5 Kg7 41. h4 Nxg4 42. h5 Ne3+ 43. Kg1 Rg2+ 44. Kh1 Rg5 45. e5 Bxe5 46. Qd2 0-1

[Event "FRA-chT2 West 0607"]
[Site "France"]
[Date "2007.03.31"]
[Round "10.7"]
[White "Castaignet, Laurent"]
[Black "Favarel, Antoine"]
[Result "1-0"]
[WhiteElo "2111"]
[BlackElo "2051"]
[PlyCount "81"]
[EventDate "2006.10.15"]
[EventType "team"]
[EventRounds "11"]
[EventCountry "FRA"]
[SourceTitle "EXT 2008"]
[Source "ChessBase"]
[SourceDate "2007.11.25"]
[SourceVersion "1"]
[SourceVersionDate "2007.11.25"]
[SourceQuality "1"]
[WhiteTeam "Le Vesinet"]
[BlackTeam "Bordeaux ASPOM"]
[WhiteTeamCountry "FRA"]
[BlackTeamCountry "FRA"]

1. e4 c5 2. Nf3 Nc6 3. Bb5 g6 4. Bxc6 dxc6 5. d3 Bg7 6. h3 Nf6 7. Nc3 Nd7 8. Be3 e5 9. Qd2 Qe7 10. 0-0-0 Nf8 11. Bh6 f6 12. Bxg7 Qxg7 13. Nh4 Ne6 14. g3 Bd7 15. f4 exf4 16. gxf4 Qh6 17. Ng2 0-0-0 18. Kb1 Rhe8 19. Qf2 Nd4 20. Ne3 Qg7 21. h4 Be6 22. h5 f5 23. Rdg1 c4 24. exf5 Nxf5 25. Nxf5 Bxf5 26. Qxa7 cxd3 27. cxd3 Bxd3+ 28. Ka1 Ba6 29. hxg6 hxg6 30. f5 Rh8 31. Rxh8 Rxh8 32. fxg6 Rh6 33. Qe3 Kc7 34. Qf4+ Kb6 35. Qf2+ Kc7 36. Qg3+ Kb6 37. Ne4 Bc4 38. Nd6 Qg8 39. Nxc4+ Qxc4 40. Qe3+ Qc5 41. Qxc5+ 1-0

[Event "FRA-chT N1"]
[Site "Drancy"]
[Date "2005.02.05"]
[Round "2"]
[White "Guichard, Pauline"]
[Black "Castaignet, Laurent"]
[Result "1-0"]
[WhiteElo "2068"]
[BlackElo "2159"]
[PlyCount "119"]
[EventDate "2005.02.04"]
[EventType "team"]
[EventRounds "11"]
[EventCountry "FRA"]
[SourceTitle "EXT 2006"]
[Source "ChessBase"]
[SourceDate "2005.11.24"]
[SourceVersion "1"]
[SourceVersionDate "2005.11.24"]
[SourceQuality "1"]

1. d4 Nf6 2. Nf3 c5 3. d5 e6 4. Nc3 b5 5. Bg5 Bb7 6. e4 b4 7. Nb1 h6 8. Bxf6 Qxf6 9. c3 exd5 10. exd5 g6 11. Bc4 Bg7 12. 0-0 0-0 13. a3 a5 14. Nbd2 bxc3 15. bxc3 Qxc3 16. Rb1 Ba6 17. Bxa6 Nxa6 18. Qa4 Qd3 19. Nc4 Rab8 20. Nb6 Nc7 21. Rbd1 Qa6 22. Nxd7 Nb5 23. Nxb8 Rxb8 24. Rb1 Rb7 25. Qc4 Rb6 26. a4 Nc3 27. Qxa6 Rxa6 28. Rb8+ Kh7 29. Rc8 Rd6 30. Rxc5 Nxa4 31. Rxa5 Nc3 32. g3 Rxd5 33. Rxd5 Nxd5 34. Rd1 Ne7 35. Rd7 Bf6 36. Rd6 Kg7 37. g4 Bb2 38. h4 Ng8 39. Rb6 Bc3 40. Rc6 Bb2 41. Ne1 Bf6 42. Ng2 Bd4 43. Kf1 Nf6 44. f3 Bb2 45. Ke2 Ba1 46. Kd3 Be5 47. Rc5 Bb2 48. Rb5 Ba1 49. h5 gxh5 50. gxh5 Ne8 51. Ne3 Nf6 52. f4 Ng8 53. Nf5+ Kh7 54. Rb7 Nf6 55. Rxf7+ Kg8 56. Nxh6+ Kh8 57. Ra7 Bb2 58. Nf7+ Kg7 59. Ne5+ Kh6 60. Ra6 1-0

[Event "FRA-chT2 0304"]
[Site "France"]
[Date "2004.04.03"]
[Round "10"]
[White "Rainfray, Arnaud"]
[Black "Castaignet, Laurent"]
[Result "1/2-1/2"]
[WhiteElo "2409"]
[BlackElo "2176"]
[PlyCount "94"]
[EventDate "2003.10.??"]
[EventType "team"]
[EventRounds "11"]
[EventCountry "FRA"]
[SourceTitle "EXT 2005"]
[Source "ChessBase"]
[SourceDate "2004.11.15"]
[SourceVersion "1"]
[SourceVersionDate "2004.11.15"]
[SourceQuality "1"]

1. e4 c5 2. Nf3 e6 3. c3 d5 4. exd5 exd5 5. d4 c4 6. b3 cxb3 7. axb3 Bd6 8. Bd3 Ne7 9. 0-0 Bg4 10. Re1 Bh5 11. Na3 Nbc6 12. Nb5 Bb8 13. c4 a6 14. cxd5 Qxd5 15. Nc3 Qd7 16. Ra4 0-0 17. d5 Bxf3 18. Qxf3 Ne5 19. Qe4 Nxd3 20. Qxd3 Bd6 21. Ne4 Nf5 22. Bb2 Rfe8 23. Rd1 Re7 24. g4 b5 25. Nxd6 Nxd6 26. Rf4 Rae8 27. h3 Re4 28. Rxe4 Rxe4 29. Ra1 h5 30. f3 Qa7+ 31. Kg2 Re3 32. Qc2 hxg4 33. hxg4 Qb7 34. Rd1 Re8 35. Rh1 Qxd5 36. Qh7+ Kf8 37. Qxg7+ Ke7 38. Qc3 Kd7 39. Kf2 Rc8 40. Qf6 Rc2+ 41. Kg3 Qxb3 42. Rd1 Rg2+ 43. Kxg2 Qxd1 44. Be5 b4 45. Bxd6 Qxd6 46. Qxf7+ Kc6 47. Qa2 Kc5 1/2-1/2

[Event "FRA-chT2 0304"]
[Site "France"]
[Date "2004.03.14"]
[Round "9"]
[White "Castaignet, Laurent"]
[Black "Bedouin, Xavier"]
[Result "1/2-1/2"]
[WhiteElo "2176"]
[BlackElo "2304"]
[PlyCount "83"]
[EventDate "2003.10.??"]
[EventType "team"]
[EventRounds "11"]
[EventCountry "FRA"]
[SourceTitle "EXT 2005"]
[Source "ChessBase"]
[SourceDate "2004.11.15"]
[SourceVersion "1"]
[SourceVersionDate "2004.11.15"]
[SourceQuality "1"]

1. e4 c5 2. Nf3 Nc6 3. Bb5 e6 4. Bxc6 bxc6 5. d3 Ne7 6. Qe2 f6 7. Nh4 g6 8. f4 Bg7 9. Nf3 d6 10. e5 Nf5 11. Nbd2 0-0 12. exd6 Qxd6 13. Nc4 Qd5 14. 0-0 Nd4 15. Nxd4 cxd4 16. Bd2 Re8 17. Rae1 Rb8 18. b3 Rb7 19. Bc1 Bf8 20. Qf2 Rf7 21. Bb2 c5 22. Nd2 Bb7 23. Qf3 Qd8 24. Qh3 Bd5 25. Ne4 h6 26. a4 f5 27. Nd2 g5 28. fxg5 hxg5 29. Nc4 Rh7 30. Qg3 Bxc4 31. bxc4 Bd6 32. Qf3 g4 33. Qc6 Bxh2+ 34. Kf2 Bd6 35. Rh1 Rc7 36. Qa6 Qd7 37. Rh5 Rc6 38. Qa5 Qc7 39. Qxc7 Rxc7 40. Rxf5 exf5 41. Rxe8+ Kf7 42. Rd8 1/2-1/2

[Event "FRA-chT2S 0203"]
[Site "France"]
[Date "2003.??.??"]
[Round "10.3"]
[White "Carlier, Bruno"]
[Black "Castaignet, Laurent"]
[Result "1-0"]
[WhiteElo "2397"]
[BlackElo "2232"]
[PlyCount "91"]
[EventDate "2002.10.??"]
[EventType "team"]
[EventRounds "11"]
[EventCountry "FRA"]
[SourceTitle "EXT 2004"]
[Source "ChessBase"]
[SourceDate "2003.11.25"]
[SourceVersion "1"]
[SourceVersionDate "2003.11.25"]
[SourceQuality "1"]
[WhiteTeam "Cappelle la Grande"]
[BlackTeam "Le Vesinet"]
[WhiteTeamCountry "FRA"]
[BlackTeamCountry "FRA"]

1. Nf3 Nf6 2. g3 c5 3. Bg2 g6 4. c3 d6 5. d4 Qc7 6. 0-0 Bg7 7. Re1 0-0 8. e4 Nc6 9. dxc5 dxc5 10. Qc2 h6 11. Na3 Be6 12. Bf4 Qc8 13. Ne5 Nxe5 14. Bxe5 Bh3 15. Bxf6 Bxf6 16. Bxh3 Qxh3 17. e5 Bg7 18. Qe4 b6 19. Nc4 Rad8 20. a4 Rd7 21. e6 Qxe6 22. Qxe6 fxe6 23. Rxe6 Rf6 24. Re4 Rc6 25. Rae1 Kf7 26. Kf1 Bf6 27. Ke2 a6 28. Rd1 Rxd1 29. Kxd1 e6 30. Kc2 Ke7 31. h4 b5 32. Na3 Rb6 33. b3 g5 34. h5 Kd7 35. Nb1 Rd6 36. Nd2 Rd5 37. f3 Rf5 38. Re1 Rd5 39. axb5 axb5 40. Ra1 Bd8 41. g4 Kc6 42. Ne4 c4 43. bxc4 bxc4 44. Ra4 Be7 45. Rxc4+ Kd7 46. Ra4 1-0

[Event "FRA-chT2S 0203"]
[Site "France"]
[Date "2003.??.??"]
[Round "7.6"]
[White "Castaignet, Laurent"]
[Black "Vallet, Marc"]
[Result "1-0"]
[WhiteElo "2232"]
[BlackElo "2265"]
[PlyCount "71"]
[EventDate "2002.10.??"]
[EventType "team"]
[EventRounds "11"]
[EventCountry "FRA"]
[SourceTitle "EXT 2004"]
[Source "ChessBase"]
[SourceDate "2003.11.25"]
[SourceVersion "1"]
[SourceVersionDate "2003.11.25"]
[SourceQuality "1"]
[WhiteTeam "Le Vesinet"]
[BlackTeam "Lille"]
[WhiteTeamCountry "FRA"]
[BlackTeamCountry "FRA"]

1. e4 Nf6 2. e5 Nd5 3. d4 d6 4. Nf3 Nb6 5. a4 a5 6. Nc3 g6 7. Be2 Bg7 8. exd6 cxd6 9. h3 0-0 10. 0-0 Nc6 11. Nb5 Bf5 12. c3 d5 13. Bf4 Rc8 14. Re1 f6 15. Bf1 Rf7 16. g4 Be4 17. Nd2 g5 18. Bg3 Bg6 19. Nb3 e5 20. Nc5 Re7 21. Bd3 e4 22. Bf1 Ne5 23. Nxe4 Bxe4 24. dxe5 fxe5 25. Qb3 Kh8 26. Rad1 Rd7 27. Bg2 Bxg2 28. Kxg2 Nc4 29. Qc2 e4 30. Nd4 Bxd4 31. Rxd4 Qf6 32. Rexe4 dxe4 33. Rxd7 Qc6 34. Qd1 e3+ 35. Kh2 exf2 36. Qd4+ 1-0

[Event "Saint Quentin op 4th"]
[Site "Saint Quentin"]
[Date "2001.04.17"]
[Round "4.19"]
[White "Merly, Johann"]
[Black "Castaignet, Laurent"]
[Result "0-1"]
[WhiteElo "1740"]
[BlackElo "2165"]
[PlyCount "102"]
[EventDate "2001.04.15"]
[EventType "swiss"]
[EventRounds "9"]
[EventCountry "FRA"]
[SourceTitle "EXT 2002"]
[Source "ChessBase"]
[SourceDate "2001.11.25"]
[SourceVersion "1"]
[SourceVersionDate "2001.11.25"]
[SourceQuality "1"]

1. d4 Nf6 2. c4 c5 3. Nf3 cxd4 4. Nxd4 Nc6 5. e3 g6 6. Be2 Bg7 7. 0-0 0-0 8. Nc3 b6 9. b3 Bb7 10. Ba3 a6 11. Qc2 Rc8 12. Rac1 Nxd4 13. exd4 d6 14. Qd3 Re8 15. Rfd1 Qc7 16. d5 Rb8 17. Ne4 Nxe4 18. Qxe4 e5 19. Qe3 a5 20. b4 axb4 21. Bxb4 Bc8 22. h3 h5 23. Qg3 Bd7 24. Qg5 e4 25. Re1 Re5 26. Qg3 Kh7 27. Qa3 Bf8 28. Bf1 Bf5 29. f3 Ree8 30. g4 Ra8 31. Qb2 Bg7 32. Qc2 hxg4 33. hxg4 Bc8 34. Qh2+ Kg8 35. Bxd6 Qd7 36. Rc2 exf3 37. Rxe8+ Qxe8 38. Qf4 Qd7 39. Bh3 g5 40. Qg3 Bd4+ 41. Kh1 f6 42. Rd2 Ba1 43. Bb4 Ba6 44. Qxf3 Bxc4 45. a3 Re8 46. d6 Ba6 47. Qb3+ Kg7 48. Qd1 Rh8 49. Qxa1 Rxh3+ 50. Kg1 Qxg4+ 51. Rg2 Qh4 0-1

[Event "Trignac L'Estuaire op 1st"]
[Site "Trignac"]
[Date "2001.02.11"]
[Round "2"]
[White "Dumitrache, Dragos Nicolae"]
[Black "Castaignet, Laurent"]
[Result "1-0"]
[WhiteElo "2425"]
[BlackElo "2165"]
[PlyCount "53"]
[EventDate "2001.02.10"]
[EventType "swiss"]
[EventRounds "9"]
[EventCountry "FRA"]
[SourceTitle "EXT 2002"]
[Source "ChessBase"]
[SourceDate "2001.11.25"]
[SourceVersion "1"]
[SourceVersionDate "2001.11.25"]
[SourceQuality "1"]

1. d4 Nf6 2. c4 c5 3. d5 e6 4. Nc3 exd5 5. cxd5 d6 6. e4 g6 7. Bd3 Bg7 8. Nge2 a6 9. a4 0-0 10. 0-0 Nbd7 11. h3 Re8 12. Ng3 Qc7 13. Kh1 Rb8 14. Be3 c4 15. Bc2 Nc5 16. f4 b5 17. axb5 axb5 18. e5 Nfd7 19. e6 fxe6 20. dxe6 Rxe6 21. Nd5 Qd8 22. f5 Rxe3 23. Nxe3 Qg5 24. fxg6 Qxe3 25. Nf5 Qe8 26. gxh7+ Kh8 27. Nxd6 1-0